000 00667nam a22002297a 4500
005 20150327122400.0
008 070413s2006 caua s 001 0 eng d
020 _z9780072262285
041 0 _aeng
080 _a004
100 1 _aSunderic, Dejan.
245 1 0 _aMicrosoft SQL Server 2005 stored procedure programming in T-SQL & .NET, third edition
_cDejan Sunderic.
250 _a3rd ed.
260 _aSan Francisco :
_bMcGraw-Hill,
_c2006
300 _a664 f.
_bme il.;
_c23 cm
505 _aIndex: f. 655 - 664
630 0 0 _aSQL server.
650 0 _aKompjuter
650 0 _aProgram
655 7 _aElectronic books.
942 _2udc
_cBK
999 _c565
_d565